Cancionero folklórico de México (Record no. 9924)

MARC details
000 -CABECERA
campo de control de longitud fija 00936nam a2200253 a 4500
001 - NÚMERO DE CONTROL
campo de control BRL_1112
005 - FECHA Y HORA DE LA ÚLTIMA TRANSACCIÓN
campo de control 20190320211035.0
008 - DATOS DE LONGITUD FIJA--INFORMACIÓN GENERAL
campo de control de longitud fija 121113s1986----mx-#######---#000-0#spa-#
020 ## - NÚMERO INTERNACIONAL ESTÁNDAR DEL LIBRO
Número Internacional Estándar del Libro 9681200411
041 ## - CÓDIGO DE LENGUA
Código de lengua del texto/banda sonora o título independiente spa
044 ## - CÓDIGO DEL PAÍS DE LA ENTIDAD EDITORA/PRODUCTORA
Código MARC del país mx
050 #4 - SIGNATURA TOPOGRÁFICA DE LA BIBLIOTECA DEL CONGRESO
Número de clasificación PQ7289
Número de documento/Ítem .C67 1986
245 10 - MENCIÓN DE TÍTULO
Título Cancionero folklórico de México
Mención de responsabilidad, etc. textos recopilados y editados por investigadores del Centro de Estudios Lingüísticos y Literarios de El Colegio de Meìxico, bajo la dirección de Margit Frenk Alatorre.
260 ## - PUBLICACIÓN, DISTRIBUCIÓN, ETC.
Lugar de publicación, distribución, etc. México
Nombre del editor, distribuidor, etc. El Colegio de México
Fecha de publicación, distribución, etc. 1986
300 ## - DESCRIPCIÓN FÍSICA
Extensión v.
Dimensiones 28 cm.
500 ## - NOTA GENERAL
Nota general v.1 Au1281
500 ## - NOTA GENERAL
Nota general La bibloteca cuenta solo con el volumen 1
505 0# - NOTA DE CONTENIDO CON FORMATO
Nota de contenido con formato Contenido: v. 1. Coplas de amor feliz
650 14 - PUNTO DE ACCESO ADICIONAL DE MATERIA--TÉRMINO DE MATERIA
Término de materia o nombre geográfico como elemento de entrada Canciones folklóricas mexicanas
9 (RLIN) 25822
700 1# - PUNTO DE ACCESO ADICIONAL--NOMBRE DE PERSONA
Nombre de persona Frenk Alatorre, Margit
9 (RLIN) 21298
710 2# - PUNTO DE ACCESO ADICIONAL--NOMBRE DE ENTIDAD CORPORATIVA
Nombre de entidad corporativa o nombre de jurisdicción como elemento de entrada El Colegio de México
Unidad subordinada Centro de Estudios Lingüísticos y Literarios
9 (RLIN) 25823
902 ## - CATALOGADOR
Iniciales GRL
942 ## - ELEMENTOS DE PUNTO DE ACCESO ADICIONAL (KOHA)
Fuente del sistema de clasificación o colocación Library of Congress Classification
Tipo de ítem Koha Libros
Holdings
Estado de retiro Estado de pérdida Estado dañado No para préstamo Localización permanente Ubicación/localización actual Fecha de adquisición Número de inventario Total de préstamos Signatura topográfica completa Código de barras Fecha visto por última vez Precio válido a partir de Tipo de ítem Koha
El ejemplar forma parte de la colección y puede ser consultado según las políticas vigentes.       Biblioteca Centro de Estudios Ruth D. Lechuga Biblioteca Centro de Estudios Ruth D. Lechuga 12/11/2013 v.1 Au1281   PQ7289 .C67 1986 (v.1 Au1281) GRL01221 22/03/2019 22/03/2019 Libros